000 00455nam a2200181Ia 4500
001 11614
005 20260306162841.0
008 260306t2012||||xx |||||||||||||| ||spa||
041 _aESP
082 _a985.4A
_bT12
100 _aUniversidad Privada de Tacna
_eAUT
245 0 _aTacna:
_btierra de ensueño..un lugar por conocer
260 _c2012
300 _a195 páginas :
_c25 cm.
650 _aGEN
654 _aCHU
942 _cLIB
_dJUS
_fJUS
_2ddc
_n
999 _c11614
_d11614